000 00698nam a22002417a 4500
003 OSt
005 20260530113911.0
008 260421b1972 spaa|||| |||| 00| 0 spa d
040 _aICI
_bspa
_cICI
041 _aspa
050 _aP90
_bM34
100 1 _aMaltese, Corrado,
_d1921-
_eautor
_933368
245 1 0 _aSemiología del mensaje objetual /
_cCorrado Maltese
264 1 _aMadrid :
_bAlberto Corazón editor,
_c1972
300 _a213 páginas
336 _2rdacontent
_atexto
337 _2rdamedia
_asin medio
338 _2rdacarrier
_avolumen
490 _aComunicación. Serie B ;
_v22
650 4 _aComunicación
_9299
650 4 _aTeoría del conocimiento
_921250
942 _2lcc
_n1
_cBK
999 _c12122
_d12122